Catalog

Record Details

Catalog Search



The coworker  Cover Image Book Book

The coworker / Freida McFadden.

McFadden, Freida, (author.).

Summary:

Two women. An office filled with secrets. One terrible crime that can't be taken back Dawn Schiff is strange. At least, everyone thinks so at Vixed, the nutritional supplement company where Dawn works as an accountant. She never says the right thing. She has no friends. And she is always at her desk at precisely 8:45 a.m. So when Dawn doesn't show up to the office one morning, her coworker Natalie Farrell—beautiful, popular, top sales rep five years running—is surprised. Then she receives an unsettling, anonymous phone call that changes everything… It turns out Dawn wasn't just an awkward outsider—she was being targeted by someone close. And now Natalie is irrevocably tied to Dawn as she finds herself caught in a twisted game of cat and mouse that leaves her wondering: who's the real victim? But one thing is incredibly clear: somebody hated Dawn Schiff. Enough to kill.

Record details

  • ISBN: 9781728296203
  • ISBN: 172829620X
  • Physical Description: 360 pages ; 21 cm
  • Publisher: Naperville, Illinois : Poisoned Pen Press, [2023]
Subject: Employees > Social networks > Fiction.
Murder > Fiction.
Female friendship > Fiction.
Eccentrics and eccentricities > Fiction.
Genre: Thrillers (Fiction)
Detective and mystery fiction.
Novels.

LDR 02954cam a22006618i 4500
001162333
003SBPL
00520231215120826.0
008230502t20232023ilu e 000 1 eng
010 . ‡a 2023019183
020 . ‡a9781728296203 ‡q(trade paperback)
020 . ‡a172829620X ‡q(trade paperback)
035 . ‡a(OCoLC)1379189589 ‡z(OCoLC)1394909046
05000. ‡aPS3613.C4365 ‡bC69 2023
08200. ‡a813/.6 ‡223/eng/20230502
1001 . ‡aMcFadden, Freida, ‡eauthor.
24514. ‡aThe coworker / ‡cFreida McFadden.
24634. ‡aCoworker : ‡bYou see her every day. But do you really know her?
264 1. ‡aNaperville, Illinois : ‡bPoisoned Pen Press, ‡c[2023]
300 . ‡a360 pages ; ‡c21 cm
336 . ‡atext ‡btxt ‡2rdacontent
337 . ‡aunmediated ‡bn ‡2rdamedia
338 . ‡avolume ‡bnc ‡2rdacarrier
520 . ‡aTwo women. An office filled with secrets. One terrible crime that can't be taken back Dawn Schiff is strange. At least, everyone thinks so at Vixed, the nutritional supplement company where Dawn works as an accountant. She never says the right thing. She has no friends. And she is always at her desk at precisely 8:45 a.m. So when Dawn doesn't show up to the office one morning, her coworker Natalie Farrell—beautiful, popular, top sales rep five years running—is surprised. Then she receives an unsettling, anonymous phone call that changes everything… It turns out Dawn wasn't just an awkward outsider—she was being targeted by someone close. And now Natalie is irrevocably tied to Dawn as she finds herself caught in a twisted game of cat and mouse that leaves her wondering: who's the real victim? But one thing is incredibly clear: somebody hated Dawn Schiff. Enough to kill.
650 0. ‡aEmployees ‡xSocial networks ‡vFiction.
650 0. ‡aMurder ‡vFiction.
650 0. ‡aFemale friendship ‡vFiction.
650 0. ‡aEccentrics and eccentricities ‡vFiction.
655 7. ‡aThrillers (Fiction) ‡2lcgft
655 7. ‡aDetective and mystery fiction. ‡2lcgft
655 7. ‡aNovels. ‡2lcgft
901 . ‡a162333 ‡bAUTOGEN ‡c162333 ‡tbiblio

Additional Resources